| 000 | 00694nam a2200265Ia 4500 | ||
|---|---|---|---|
| 003 | OSt | ||
| 005 | 20221006141647.0 | ||
| 006 | a|||||r|||| 00| 0 | ||
| 007 | ta | ||
| 008 | 221006b |||||||| |||| 00| 0 jpn d | ||
| 020 | _c¥3100 | ||
| 024 | _a3,735 | ||
| 037 |
_bGift, Japan Foundation _cTextual |
||
| 040 |
_aEASL _cEASL _bjpn |
||
| 041 |
_2jpn _ajpn |
||
| 082 | _aO42, N7 | ||
| 100 |
_aHASEGAWA Ezumi Ed. _9645999 |
||
| 245 | 0 | _aGendai bungaku kenkyu | |
| 260 |
_aTokyo _bShibundo Japan _c1997 |
||
| 300 |
_a590p. _ccm. |
||
| 490 | _v JL | ||
| 650 | _aJL | ||
| 942 |
_hO42, N7 _cTEXL _2CC |
||
| 999 |
_c1071821 _d1071821 |
||